000 01536nam0a2200337 4500
001 RU\NLR\bibl\1260573
005 20250615131116.0
010 _a978-5-02-035563-7
_9300
021 _aRU
_b2008-45323
_92505
035 _a(NLR Aleph) 001246568
090 _a292318
_c292318
100 _a20080811d2008 |||y0rusy50 ca
101 0 _arus
102 _aRU
105 _aa |||||||||
200 1 _aМатематическое моделирование сложных технологических процессов
_fВ.И. Одиноков, Б.Г. Каплунов, А.В. Песов, А.А. Баков
_gРос. акад. наук, Дальневост. отд-ние, Ин-т машиноведения и металлургии
210 _aМосква
_cНаука
_d2008
215 _a175, [1] c.
_cил.
_d23
313 _aОМД
320 _aБиблиогр. в конце кн. (37 назв.)
606 1 _aМеталлы
_xОбработка давлением
_xМатематическое моделирование
_92176212
_3RU\NLR\auth\661308881
686 _aК62-1с116
701 1 _aОдиноков
_bВ. И.
_gВалерий Иванович
_4070
701 1 _aКаплунов
_bБ. Г.
_gБорис Григорьевич
_4070
701 1 _aПесков
_bА. В.
_gАлександр Владимирович
_4070
701 1 _aБаков
_bА. А.
_gАнтон Алексеевич
_4070
801 0 _aRU
_bNLR
_c20080811
_gRCR
801 1 _aRU
_bNLR
_c20080811
942 _cBOOK
980 _aNB